The Gay and lesbian psychotherapy treatment planner / (Record no. 6751)

MARC details
000 -LEADER
fixed length control field 01017cam a22002772 4500
001 - CONTROL NUMBER
control field 0000004952
005 - DATE AND TIME OF LATEST TRANSACTION
control field 20151217151947.0
008 - FIXED-LENGTH DATA ELEMENTS--GENERAL INFORMATION
fixed length control field 070604s xx 000 0 eng d
020 ## - INTERNATIONAL STANDARD BOOK NUMBER
International Standard Book Number 047135080X :
Terms of availability KES 200 (donation)
040 ## - CATALOGING SOURCE
Original cataloging agency KABU
Transcribing agency KABU
050 #0 - LIBRARY OF CONGRESS CALL NUMBER
Classification number RC558
Item number .E96 2000
100 1# - MAIN ENTRY--PERSONAL NAME
Personal name Evosevich, J. M.
-- 0000155954
245 14 - TITLE STATEMENT
Title The Gay and lesbian psychotherapy treatment planner /
Statement of responsibility, etc. J. M. Evosevich, Michael Avriett.
260 ## - PUBLICATION, DISTRIBUTION, ETC. (IMPRINT)
Place of publication, distribution, etc. New York :
Name of publisher, distributor, etc. Wiley,
Date of publication, distribution, etc. c2000.
300 ## - PHYSICAL DESCRIPTION
Extent viii, 215 p. ;
Dimensions 26 cm +
Accompanying material 1 computer disk (3.5 in.)
440 #0 - SERIES STATEMENT/ADDED ENTRY--TITLE
Title Practice planners series
-- 0000155955
504 ## - BIBLIOGRAPHY, ETC. NOTE
Bibliography, etc Includes bibliographical references (p. 189-197) and index.
650 #0 - SUBJECT ADDED ENTRY--TOPICAL TERM
Topical term or geographic name as entry element Gay men
General subdivision Mental health.
-- 0000155956
650 #0 - SUBJECT ADDED ENTRY--TOPICAL TERM
Topical term or geographic name as entry element Lesbians
General subdivision Mental health.
-- 0000155957
650 #0 - SUBJECT ADDED ENTRY--TOPICAL TERM
Topical term or geographic name as entry element Psychotherapy.
-- 0000082185
700 1# - ADDED ENTRY--PERSONAL NAME
Personal name Avriette, Michael.
-- 0000155958
908 ## - PUT COMMAND PARAMETER (RLIN)
Put command parameter 070604
950 ## - LOCAL HOLDINGS (RLIN)
-- 1
Holdings
Withdrawn status Lost status Source of classification or shelving scheme Not for loan Home library Current library Date acquired Total Checkouts Full call number Barcode Date last seen Price effective from Koha item type
    Library of Congress Classification   Kabarak, Main Campus Kabarak, Main Campus 17/12/2015   RC558 .E96 200 006667 17/12/2015 17/12/2015 General Collection
    Library of Congress Classification   Kabarak, Main Campus Kabarak, Main Campus 17/12/2015   RC558 .E96 200 006668 17/12/2015 17/12/2015 General Collection
Designed with assistance from East African Informatics Ltd